[Event "DVM U20w 2014"]
[Site "Naumburg (Saale) GER"]
[Date "2014.12.27"]
[Round "2"]
[White "Böhm, Jana"]
[Black "Hartewig, Anja"]
[Result "1-0"]
[Termination "normal"]
[Board "1.3"]
[WhiteElo "1827"]
[BlackElo "1806"]
[WhiteClock "00:42:25"]
[BlackClock "00:17:37"]
[WhiteTeam "SK Lehrte"]
[BlackTeam "Chemnitzer SC Aufbau`95"]
[PlyCount "101"]
[WhiteFideId "24661589"]
[BlackFideId "12917966"]
[EventCountry "GER"]
[EventRounds "7"]
[EventType "team-swiss"]
[EventDate "2014.12.26"]

1. e4 d6 2. d4 Nf6 3. Nc3 g6 4. Be3 Bg7 5. f3 c6 6. Qd2 O-O 7. O-O-O b5 8. g4
a5 9. Bh6 a4 10. h4 b4 11. Nce2 b3 12. cxb3 axb3 13. a3 Qa5 14. Nc3 Ba6 15.
Bxg7 Kxg7 16. h5 Rh8 17. hxg6 fxg6 18. Qh6+ Kf7 19. Nh3 Bxf1 20. Rhxf1 Na6 21.
Rfe1 Nb4 22. axb4 Qa1+ 23. Nb1 Ra2 24. Ng5+ Ke8 25. Qh2 Ra4 26. Rd3 Rxb4 27.
Qd2 Rb7 28. Ree3 Rb5 29. Rxb3 Kd7 30. Rxb5 cxb5 31. Ra3 Rc8+ 32. Qc2 Rxc2+ 33.
Kxc2 Qxa3 34. bxa3 h5 35. gxh5 Nxh5 36. Nc3 Kc6 37. Kb3 Nf4 38. Kb4 Nd3+ 39.
Ka5 e5 40. d5+ Kc5 41. Nxb5 Nb2 42. Nf7 Nc4+ 43. Ka6 Nd2 44. Nbxd6 Nxf3 45.
Nb7+ Kd4 46. d6 g5 47. d7 g4 48. d8=Q+ Kxe4 49. Nc5+ Kf4 50. Qf6+ Ke3 51. Nxe5
1-0

[Event "DVM U20w 2014"]
[Site "Naumburg (Saale) GER"]
[Date "2014.12.27"]
[Round "2"]
[White "Fischer, Franziska"]
[Black "Manusina, Nicole"]
[Result "1/2-1/2"]
[Termination "normal"]
[Board "1.4"]
[WhiteElo "1764"]
[BlackElo "1869"]
[WhiteClock "00:53:25"]
[BlackClock "00:18:29"]
[WhiteTeam "Chemnitzer SC Aufbau`95"]
[BlackTeam "SK Lehrte"]
[PlyCount "60"]
[WhiteFideId "12924199"]
[BlackFideId "24657514"]
[EventCountry "GER"]
[EventRounds "7"]
[EventType "team-swiss"]
[EventDate "2014.12.26"]

1. d4  d5 2. e3 Nf6 3. Bd3 c5 4. c3 Nc6 5. f4 e6 6. Nf3 Bd6 7. Nbd2 Bd7 8. O-O
O-O 9. Ne5 Rc8 10. Rf2 Qc7 11. g4 cxd4 12. exd4 Be8 13. g5 Nd7 14. Qg4 Ndxe5
15. fxe5 Nxe5 16. dxe5 Bc5 17. Nf3 Bxf2+ 18. Kxf2 Qb6+ 19. Qd4 Qa5 20. Be3 Bb5
21. Bxb5 Qxb5 22. Rb1 Rc4 23. Qxa7 Rxc3 24. bxc3 Qxb1 25. Qa4 Qd3 26. Qd4 Qc2+
27. Qd2 Qe4 28. Qd4 Qc2+ 29. Qd2 Qe4 30. Qd4 Qc2+ 1/2-1/2

[Event "DVM U20w 2014"]
[Site "Naumburg (Saale) GER"]
[Date "2014.12.27"]
[Round "2"]
[White "Bachem, Lisa"]
[Black "Lagunow, Elina"]
[Result "1/2-1/2"]
[Termination "normal"]
[Board "2.1"]
[WhiteElo "1457"]
[BlackElo "1698"]
[WhiteTeam "TTC Grün-Weiß Fritzdorf"]
[BlackTeam "BSV 63 Chemie Weißensee"]
[PlyCount "86"]
[WhiteFideId "12909912"]
[BlackFideId "4673387"]
[EventCountry "GER"]
[EventRounds "7"]
[EventType "team-swiss"]
[EventDate "2014.12.26"]

1. e4 c5 2. Nf3 Nc6 3. d4 cxd4 4. Nxd4 g6 5. Nc3 Bg7 6. Be3 Nf6 7. Qd2 Ng4 8.
Nxc6 bxc6 9. Bd4 O-O 10. h3 Nf6 11. Be2 d6 12. Be3 Bb7 13. Bh6 e5 14. h4 d5 15.
exd5 cxd5 16. Bf3 e4 17. Be2 Qa5 18. Bxg7 Kxg7 19. Qd4 Qb6 20. O-O-O Rfd8 21.
Qxb6 axb6 22. Rd4 Ba6 23. Bxa6 Rxa6 24. Kd2 Ra5 25. Ke2 Re8 26. a3 Nh5 27. g3
e3 28. Kf3 exf2 29. Kxf2 Nf6 30. Rhd1 Ne4+ 31. Nxe4 dxe4 32. Ke3 f5 33. Rd7+
Kf6 34. Rxh7 Rc5 35. c3 Ke5 36. Rf7 Rd5 37. Rxd5+ Kxd5 38. Rd7+ Ke5 39. c4 Rc8
40. b3 Rc5 41. a4 Ke6 42. Rd8 Rc6 43. Rd5 Rc8 1/2-1/2

[Event "DVM U20w 2014"]
[Site "Naumburg (Saale) GER"]
[Date "2014.12.27"]
[Round "2"]
[White "Koch, Elisabeth"]
[Black "Sturm, Johanna"]
[Result "1-0"]
[Termination "normal"]
[Board "2.2"]
[WhiteElo "1650"]
[BlackElo "1635"]
[WhiteTeam "BSV 63 Chemie Weißensee"]
[BlackTeam "TTC Grün-Weiß Fritzdorf"]
[PlyCount "55"]
[WhiteFideId "24695068"]
[BlackFideId "12909904"]
[EventCountry "GER"]
[EventRounds "7"]
[EventType "team-swiss"]
[EventDate "2014.12.26"]

1. e4 e5 2. Nf3 Nc6 3. Bc4 Bc5 4. c3 d6 5. d4 exd4 6. cxd4 Bb6 7. h3 h6 8. Nc3
Nge7 9. O-O O-O 10. Be3 Ng6 11. Qd2 Nh4 12. Nxh4 Qxh4 13. f4 Qe7 14. f5 Kh7 15.
f6 gxf6 16. Nd5 Qd8 17. Nxf6+ Kh8 18. d5 Ne7 19. Bxb6 Ng8 20. Nxg8 Kxg8 21. Bd4
Qh4 22. Qf4 Qxf4 23. Rxf4 Bd7 24. Rh4 Kh7 25. Bd3 Kg6 26. Rf1 Kg5 27. Bf6+ Kg6
28. e5+ 1-0

[Event "DVM U20w 2014"]
[Site "Naumburg (Saale) GER"]
[Date "2014.12.27"]
[Round "2"]
[White "Schüll, Annika"]
[Black "Greßmann, Hanna"]
[Result "0-1"]
[Termination "normal"]
[Board "2.3"]
[WhiteElo "1362"]
[BlackElo "1691"]
[WhiteTeam "TTC Grün-Weiß Fritzdorf"]
[BlackTeam "BSV 63 Chemie Weißensee"]
[PlyCount "104"]
[WhiteFideId "16200365"]
[BlackFideId "12930709"]
[EventCountry "GER"]
[EventRounds "7"]
[EventType "team-swiss"]
[EventDate "2014.12.26"]

1. e4 e5 2. Nf3 Nf6 3. Bc4 Bc5 4. c3 Nc6 5. d4 exd4 6. cxd4 Bb4+ 7. Bd2 Nxe4 8.
Bxb4 Nxb4 9. Qb3 d5 10. Bb5+ Nc6 11. Bxc6+ bxc6 12. O-O O-O 13. Re1 c5 14. Nc3
Nxc3 15. Qxc3 c4 16. Ne5 Qd6 17. b3 f6 18. Nf3 cxb3 19. axb3 Bd7 20. b4 Rfb8
21. Qc5 Qxc5 22. bxc5 Kf7 23. Rab1 a5 24. Nd2 a4 25. Ra1 Rb4 26. Reb1 Rxd4 27.
Nb3 Rb4 28. Nd2 Rab8 29. Rc1 Bc6 30. f3 Rb2 31. Rd1 Ra8 32. Nb1 Rc2 33. Na3
Rxc5 34. Rdc1 Rxc1+ 35. Rxc1 Ra6 36. Kf2 Ke6 37. Ke3 Kd6 38. Kd4 Rb6 39. Kd3
Rb3+ 40. Rc3 Rxc3+ 41. Kxc3 Kc5 42. g3 d4+ 43. Kd3 Bxf3 44. Nc2 Bd5 45. Nxd4 a3
46. Nc2 a2 47. Kc3 Be4 48. Na1 Bd5 49. Nc2 Kb5 50. Na3+ Ka4 51. Kb2 a1=Q+ 52.
Kxa1 Kxa3 0-1

[Event "DVM U20w 2014"]
[Site "Naumburg (Saale) GER"]
[Date "2014.12.27"]
[Round "2"]
[White "Lange, Cecilia"]
[Black "Heyer, Anne Ricarda"]
[Result "1-0"]
[Termination "normal"]
[Board "2.4"]
[WhiteElo "1582"]
[BlackElo "1022"]
[WhiteTeam "BSV 63 Chemie Weißensee"]
[BlackTeam "TTC Grün-Weiß Fritzdorf"]
[PlyCount "99"]
[WhiteFideId "12976040"]
[BlackFideId "16200373"]
[EventCountry "GER"]
[EventRounds "7"]
[EventType "team-swiss"]
[EventDate "2014.12.26"]

1. e4 e5 2. Nf3 Nc6 3. Bc4 Bc5 4. c3 Nf6 5. d3 d6 6. O-O O-O 7. Bb3 Bg4 8. Nbd2
b5 9. h3 Bh5 10. Re1 a5 11. a4 b4 12. Nf1 h6 13. Ng3 Bg6 14. Be3 bxc3 15. bxc3
Nh5 16. Bxc5 dxc5 17. Bd5 Ne7 18. Bxa8 Qxa8 19. Nxe5 Nxg3 20. Nxg6 Nxg6 21.
fxg3 c6 22. d4 cxd4 23. cxd4 Qb8 24. Qc2 Qxg3 25. Qxc6 Nf4 26. Qc2 Rd8 27. Rf1
Rxd4 28. Qc8+ Kh7 29. Qf5+ Ng6 30. Qxa5 Rxe4 31. Rae1 Rxe1 32. Qxe1 Qa3 33. Qa1
Qe3+ 34. Kh1 Nh4 35. Rxf7 Qg3 36. Rxg7+ Qxg7 37. Qxg7+ Kxg7 38. a5 Nf5 39. a6
Nd6 40. a7 Nc8 41. a8=Q Nd6 42. Qd8 Nf7 43. Qd4+ Kg8 44. Qf6 Kf8 45. g4 Kg8 46.
h4 Kf8 47. g5 h5 48. g6 Kg8 49. Qxf7+ Kh8 50. Qh7# 1-0

[Event "DVM U20w 2014"]
[Site "Naumburg (Saale) GER"]
[Date "2014.12.27"]
[Round "2"]
[White "Kuckling, Hannah"]
[Black "Peters, Theresa"]
[Result "1/2-1/2"]
[Termination "normal"]
[Board "3.1"]
[WhiteElo "1950"]
[BlackElo "1616"]
[WhiteTeam "SK Blauer Springer Paderborn"]
[BlackTeam "SV 1919 Grimma"]
[PlyCount "42"]
[WhiteFideId "24603660"]
[BlackFideId "12952192"]
[EventCountry "GER"]
[EventRounds "7"]
[EventType "team-swiss"]
[EventDate "2014.12.26"]

1. e4 c5 2. Nc3 Nc6 3. Bb5 e6 4. Bxc6 bxc6 5. d3 d5 6. f4 Ba6 7. Nf3 c4 8. dxc4
Bxc4 9. Ne5 Ba6 10. Nxc6 Qb6 11. exd5 Nf6 12. Ne5 Rd8 13. Qf3 Nxd5 14. Nxd5
Rxd5 15. Qb3 Rb5 16. Qa4 Bb4+ 17. c3 Bc5 18. Nc4 Qc6 19. Bd2 O-O 20. O-O-O Rfb8
21. b3 f6 1/2-1/2

[Event "DVM U20w 2014"]
[Site "Naumburg (Saale) GER"]
[Date "2014.12.27"]
[Round "2"]
[White "Neumann, Isabel"]
[Black "Gatzke, Carolin"]
[Result "0-1"]
[Termination "normal"]
[Board "3.2"]
[WhiteElo "1626"]
[BlackElo "1695"]
[WhiteTeam "SV 1919 Grimma"]
[BlackTeam "SK Blauer Springer Paderborn"]
[PlyCount "42"]
[WhiteFideId "12964468"]
[BlackFideId "12943746"]
[EventCountry "GER"]
[EventRounds "7"]
[EventType "team-swiss"]
[EventDate "2014.12.26"]

1. d4  c5 2. d5 Nf6 3. c4 e5 4. Nc3 d6 5. e4 Be7 6. Bd3 O-O 7. Nge2 Nbd7 8. Ng3
Re8 9. O-O Nf8 10. f4 exf4 11. Bxf4 Ng6 12. Qd2 Ng4 13. b3 Bf6 14. Rae1 Bd4+
15. Kh1 Nxh2 16. Bg5 Nxf1 17. Rxf1 Bxc3 18. Qf2 f6 19. Be3 Ne5 20. Bb1 Ng4 21.
Qe2 f5 0-1

[Event "DVM U20w 2014"]
[Site "Naumburg (Saale) GER"]
[Date "2014.12.27"]
[Round "2"]
[White "Möller, Lisa-Marie"]
[Black "Könze, Heike"]
[Result "1/2-1/2"]
[Termination "normal"]
[Board "3.3"]
[WhiteElo "1475"]
[BlackElo "1561"]
[WhiteTeam "SK Blauer Springer Paderborn"]
[BlackTeam "SV 1919 Grimma"]
[PlyCount "67"]
[WhiteFideId "12959367"]
[BlackFideId "12964476"]
[EventCountry "GER"]
[EventRounds "7"]
[EventType "team-swiss"]
[EventDate "2014.12.26"]

1. e4 c5 2. Nf3 d6 3. d4 cxd4 4. Nxd4 Nf6 5. Nc3 a6 6. f3 e5 7. Nb3 Be6 8. Be3
Be7 9. Qd2 Nbd7 10. O-O-O b5 11. g4 O-O 12. h4 Nb6 13. Bxb6 Qxb6 14. h5 b4 15.
Nd5 Bxd5 16. exd5 Kh8 17. g5 Nd7 18. Kb1 a5 19. g6 h6 20. gxf7 Rxf7 21. Qd3 a4
22. Nd2 Nc5 23. Qe2 b3 24. cxb3 axb3 25. a3 Rc8 26. Bh3 Rc7 27. Ne4 Nb7 28. Rc1
Bf8 29. Rxc7 Rxc7 30. Rc1 Rxc1+ 31. Kxc1 Qg1+ 32. Qd1 Qe3+ 33. Kb1 Be7 34. Bg4
1/2-1/2

[Event "DVM U20w 2014"]
[Site "Naumburg (Saale) GER"]
[Date "2014.12.27"]
[Round "2"]
[White "Hagenbeck-Hübert, Lara"]
[Black "Walow, Xenia"]
[Result "0-1"]
[Termination "normal"]
[Board "3.4"]
[WhiteElo "1512"]
[BlackElo "1445"]
[WhiteTeam "SV 1919 Grimma"]
[BlackTeam "SK Blauer Springer Paderborn"]
[PlyCount "40"]
[WhiteFideId "12964484"]
[BlackFideId "12971839"]
[EventCountry "GER"]
[EventRounds "7"]
[EventType "team-swiss"]
[EventDate "2014.12.26"]

1. d4 d5 2. Nf3 Nf6 3. c4 c6 4. Nc3 Bf5 5. Bf4 e6 6. e3 Bd6 7. Bg3 Qe7 8. Bd3
Bg6 9. O-O Nbd7 10. a3 Ne4 11. Bxe4 dxe4 12. Nd2 Bxg3 13. hxg3 f5 14. b4 h5 15.
Rc1 Nb6 16. Qb3 Bf7 17. a4 h4 18. a5 Nd7 19. d5 hxg3 20. dxe6 Rh1+ 0-1

[Event "DVM U20w 2014"]
[Site "Naumburg (Saale) GER"]
[Date "2014.12.27"]
[Round "2"]
[White "Reck, Jessica"]
[Black "Wiesner, Paula"]
[Result "0-1"]
[Termination "normal"]
[Board "4.1"]
[WhiteElo "1638"]
[BlackElo "1902"]
[WhiteTeam "Leegebrucher Schachfreunde"]
[BlackTeam "Karlsruher SF 1853"]
[PlyCount "78"]
[WhiteFideId "12917931"]
[BlackFideId "24654019"]
[EventCountry "GER"]
[EventRounds "7"]
[EventType "team-swiss"]
[EventDate "2014.12.26"]

1. d4 e6 2. c4 Bb4+ 3. Bd2 a5 4. Nf3 Nf6 5. a3 Bxd2+ 6. Nbxd2 O-O 7. g3 d6 8.
Bg2 Qe7 9. O-O e5 10. d5 a4 11. e4 Nbd7 12. Ne1 Nc5 13. Qe2 Re8 14. Nd3 Nfd7
15. f4 exf4 16. Rxf4 Nxd3 17. Qxd3 Nc5 18. Qe2 Bd7 19. Raf1 Rab8 20. Rxf7 Qxf7
21. Rxf7 Kxf7 22. Qh5+ Kg8 23. Qf3 b5 24. Qe2 bxc4 25. Nxc4 Bb5 26. h4 Bxc4 27.
Qxc4 Rxb2 28. Qc3 Rb3 29. Qc1 Rxg3 30. Kh2 Rb3 31. h5 Re5 32. Qd1 Nxe4 33. Qg4
Nf6 34. Qc8+ Ne8 35. Qg4 Rb2 36. Qxa4 Rxh5+ 37. Kg1 Nf6 38. Qd1 Rg5 39. Qa4
Rgxg2+ 0-1

[Event "DVM U20w 2014"]
[Site "Naumburg (Saale) GER"]
[Date "2014.12.27"]
[Round "2"]
[White "Mangei, Jasmin"]
[Black "Wolff, Marie Antoinette"]
[Result "1-0"]
[Termination "normal"]
[Board "4.2"]
[WhiteElo "1804"]
[BlackElo "1651"]
[WhiteTeam "Karlsruher SF 1853"]
[BlackTeam "Leegebrucher Schachfreunde"]
[PlyCount "87"]
[WhiteFideId "12951803"]
[BlackFideId "12908258"]
[EventCountry "GER"]
[EventRounds "7"]
[EventType "team-swiss"]
[EventDate "2014.12.26"]

1. e4 c5 2. Nf3 Nc6 3. Bb5 g6 4. O-O Bg7 5. d3 d6 6. Bxc6+ bxc6 7. Nbd2 Nf6 8.
Re1 O-O 9. e5 Ng4 10. Nc4 d5 11. Na3 Qc7 12. Bf4 Qb6 13. Qc1 c4 14. d4 c5 15.
h3 Nxf2 16. Kxf2 cxd4 17. Rb1 Ba6 18. Qd2 d3+ 19. Be3 Qb7 20. cxd3 cxd3 21. Kg1
e6 22. b4 Qd7 23. b5 Bb7 24. Qxd3 a6 25. Qd2 Qe7 26. bxa6 Bxa6 27. Nb5 f6 28.
Bd4 Rab8 29. Nc3 Rbc8 30. exf6 Bxf6 31. Nxd5 Bxd4+ 32. Qxd4 Qd8 33. Rxe6 Bc4
34. Ne7+ Kf7 35. Ng5+ Ke8 36. Qxd8+ Rxd8 37. Ree1 Kd7 38. Rbd1+ Kc7 39. Rc1 Rd4
40. Ne6+ Kb6 41. Nxd4 Bxa2 42. Re2 Ra8 43. Rb2+ Ka5 44. Ra1 1-0

[Event "DVM U20w 2014"]
[Site "Naumburg (Saale) GER"]
[Date "2014.12.27"]
[Round "2"]
[White "Sauer, Annika"]
[Black "Bykov, Ilona"]
[Result "1-0"]
[Termination "normal"]
[Board "4.3"]
[WhiteElo "1582"]
[BlackElo "1117"]
[WhiteTeam "Leegebrucher Schachfreunde"]
[BlackTeam "Karlsruher SF 1853"]
[PlyCount "65"]
[WhiteFideId "12952052"]
[BlackFideId "12964433"]
[EventCountry "GER"]
[EventRounds "7"]
[EventType "team-swiss"]
[EventDate "2014.12.26"]

1. d4  d5  2. Nf3 c6 3. Bf4 Bf5 4. e3 Nf6 5. Bd3 Bxd3 6. Qxd3 e6 7. Nbd2 Be7 8.
O-O O-O 9. c4 c5 10. Rac1 cxd4 11. Nxd4 Nc6 12. Nxc6 bxc6 13. cxd5 cxd5 14. Rc2
Rc8 15. Rfc1 Rxc2 16. Rxc2 Qb6 17. Nb3 Ne4 18. f3 Nc5 19. Nxc5 Bxc5 20. Kf1 Rd8
21. a3 f6 22. b4 Bd6 23. Bxd6 Qxd6 24. Qd4 Qa6+ 25. Kf2 Qxa3 26. Qc5 Qa6 27. b5
Qb7 28. Ke2 Rd7 29. Kd3 Kf7 30. g4 Ke8 31. Qc6 Ke7 32. Qc5+ Kd8 33. Qf8# 1-0

[Event "DVM U20w 2014"]
[Site "Naumburg (Saale) GER"]
[Date "2014.12.27"]
[Round "2"]
[White "Platonova, Elisaveta"]
[Black "Wagner, Swenja"]
[Result "0-1"]
[Termination "normal"]
[Board "4.4"]
[WhiteElo "916"]
[BlackElo "1588"]
[WhiteTeam "Karlsruher SF 1853"]
[BlackTeam "Leegebrucher Schachfreunde"]
[PlyCount "80"]
[WhiteFideId "16200349"]
[BlackFideId "12900494"]
[EventCountry "GER"]
[EventRounds "7"]
[EventType "team-swiss"]
[EventDate "2014.12.26"]

1. e4  e5  2. Nf3 Nc6 3. Bc4 Nf6 4. c3 Nxe4 5. d3 Nf6 6. d4 exd4 7. cxd4 d5 8.
Bb3 Bg4 9. Bg5 Bb4+ 10. Nc3 h6 11. h3 hxg5 12. O-O Bh5 13. a3 Bxc3 14. bxc3 Qd6
15. Qe2+ Ne7 16. Qe3 Bxf3 17. Qxf3 g4 18. Qe3 gxh3 19. g3 O-O-O 20. Rfe1 Nf5
21. Qf3 g6 22. a4 Ne4 23. g4 Nd2 24. Qe2 Nxb3 25. Rab1 Nbxd4 26. cxd4 Nxd4 27.
Qe3 Nc6 28. Qb3 b6 29. Qf3 Ne5 30. Qg3 Nc4 31. Qd3 Qd7 32. Qe2 Rde8 33. Qd1
Rxe1+ 34. Qxe1 Qxg4+ 35. Kf1 Qg2+ 36. Ke2 Re8+ 37. Kd3 Rxe1 38. Rxe1 Qf3+ 39.
Kc2 Qxf2+ 40. Kd1 Qd2# 0-1

[Event "DVM U20w 2014"]
[Site "Naumburg (Saale) GER"]
[Date "2014.12.27"]
[Round "2"]
[White "Hund, Sarah"]
[Black "Eue, Vicky"]
[Result "1-0"]
[Termination "normal"]
[Board "5.1"]
[WhiteElo "1809"]
[BlackElo "1616"]
[WhiteTeam "SK Freiburg Zähringen"]
[BlackTeam "SV "Glück auf" Rüdersdorf"]
[PlyCount "111"]
[WhiteFideId "12923338"]
[BlackFideId "12945838"]
[EventCountry "GER"]
[EventRounds "7"]
[EventType "team-swiss"]
[EventDate "2014.12.26"]

1. e4 e6 2. d4 d5 3. Nc3 Nf6 4. Bg5 Be7 5. e5 Nfd7 6. h4 c5 7. f4 cxd4 8. Qxd4
Nc6 9. Qf2 Qa5 10. Bxe7 Nxe7 11. Nf3 Qb4 12. Qd2 a6 13. O-O-O Nb6 14. Nd4 Bd7
15. Nb3 Na4 16. a3 Qb6 17. Rh3 Rc8 18. Ne4 O-O 19. g4 dxe4 20. Qxd7 Qf2 21. Qd2
Qb6 22. Qg2 e3 23. Kb1 Nd5 24. Bd3 g6 25. Qf3 Nc5 26. Bc4 Nxb3 27. Bxb3 e2 28.
Re1 Rfd8 29. Rxe2 Qg1+ 30. Ka2 b5 31. h5 a5 32. Rh1 Qc5 33. hxg6 fxg6 34. f5 a4
35. Bxd5 Rxd5 36. fxg6 Rf8 37. gxh7+ Kh8 38. Qe3 Qc4+ 39. Kb1 Rfd8 40. Ree1
Qxg4 41. Qg1 Qf5 42. Qf1 Qxf1 43. Rhxf1 Kxh7 44. Rf7+ Kg8 45. Re7 Rd1+ 46. Rxd1
Rxd1+ 47. Ka2 Re1 48. Rxe6 Kf7 49. Rb6 Rxe5 50. b3 Rc5 51. Kb2 Ke7 52. bxa4
bxa4 53. Rb4 Ra5 54. c4 Kd6 55. Kc3 Kc5 56. Rb8 1-0

[Event "DVM U20w 2014"]
[Site "Naumburg (Saale) GER"]
[Date "2014.12.27"]
[Round "2"]
[White "Reyher, Susan"]
[Black "Denz, Annika"]
[Result "1-0"]
[Termination "normal"]
[Board "5.2"]
[WhiteElo "1667"]
[BlackElo "1500"]
[WhiteTeam "SV "Glück auf" Rüdersdorf"]
[BlackTeam "SK Freiburg Zähringen"]
[PlyCount "67"]
[WhiteFideId "24686107"]
[BlackFideId "12922935"]
[EventCountry "GER"]
[EventRounds "7"]
[EventType "team-swiss"]
[EventDate "2014.12.26"]

1. e4 e5 2. Bc4 Nf6 3. d3 Nc6 4. Nc3 Bc5 5. Bg5 h6 6. Be3 Bb6 7. Nf3 O-O 8. O-O
d6 9. h3 Qe7 10. Nh2 Bd7 11. Bxb6 axb6 12. f4 exf4 13. Rxf4 Qe5 14. Qf3 Nd4 15.
Qf2 Qg5 16. Rf1 Bxh3 17. Nd5 Nxd5 18. Bxd5 Qxf4 19. Qxd4 Qg5 20. Qf2 Be6 21.
Bb3 Bxb3 22. axb3 Ra2 23. c3 Qb5 24. Qg3 Qxb3 25. Ng4 Kh8 26. Nxh6 Qe6 27. Nf5
Qf6 28. Rf3 Rxb2 29. Qh3+ Kg8 30. Nxg7 Rb1+ 31. Kh2 Qxc3 32. Nf5 Re8 33. Rg3+
Kf8 34. Qh6+ 1-0

[Event "DVM U20w 2014"]
[Site "Naumburg (Saale) GER"]
[Date "2014.12.27"]
[Round "2"]
[White "Bajorski, Maria Sophie"]
[Black "Schmid, Katharina"]
[Result "1-0"]
[Termination "normal"]
[Board "5.3"]
[WhiteElo "1511"]
[BlackElo "1279"]
[WhiteTeam "SK Freiburg Zähringen"]
[BlackTeam "SV "Glück auf" Rüdersdorf"]
[PlyCount "119"]
[WhiteFideId "24654531"]
[BlackFideId "12918210"]
[EventCountry "GER"]
[EventRounds "7"]
[EventType "team-swiss"]
[EventDate "2014.12.26"]

1. e4 e5 2. Nf3 Nc6 3. Bc4 Nf6 4. d3 Bc5 5. Nc3 a6 6. O-O d6 7. h3 h6 8. Be3
Ba7 9. d4 O-O 10. Re1 Re8 11. Qd2 exd4 12. Bxd4 Nxd4 13. Nxd4 b5 14. Bb3 Bb7
15. Bd5 Nxd5 16. Nxd5 Re5 17. Nf3 Re6 18. Rad1 Qd7 19. e5 Rae8 20. Nf4 Bxf3 21.
gxf3 Rxe5 22. Rxe5 Rxe5 23. Qc3 Rc5 24. Qd3 Qf5 25. Qxf5 Rxf5 26. Nd5 Rxf3 27.
Rd2 c5 28. Kg2 Rf6 29. Nxf6+ gxf6 30. Rxd6 c4 31. Rxa6 Bd4 32. b3 cxb3 33. axb3
b4 34. Ra8+ Kg7 35. Rb8 Bc3 36. Kf3 Kg6 37. Rb7 f5 38. Rb6+ Kg5 39. Ke3 h5 40.
Kf3 f6 41. Rb5 Bd2 42. Ke2 Bc3 43. Ke3 Kg6 44. h4 Be1 45. Ke2 Bc3 46. f4 Kg7
47. Rxf5 Kg6 48. Rb5 f5 49. Rb6+ Kg7 50. Kd3 Be1 51. Kc4 Bxh4 52. Rxb4 Bg3 53.
Kd3 h4 54. Ke3 h3 55. Kf3 h2 56. Kg2 Kg6 57. Rc4 Kh5 58. b4 Kg4 59. b5 Bxf4 60.
b6 1-0

[Event "DVM U20w 2014"]
[Site "Naumburg (Saale) GER"]
[Date "2014.12.27"]
[Round "2"]
[White "Friedrich, Laura"]
[Black "Antusch, Isabella"]
[Result "0-1"]
[Termination "normal"]
[Board "5.4"]
[WhiteElo "1012"]
[BlackElo "1235"]
[WhiteTeam "SV "Glück auf" Rüdersdorf"]
[BlackTeam "SK Freiburg Zähringen"]
[PlyCount "140"]
[WhiteFideId "12952249"]
[BlackFideId "12963941"]
[EventCountry "GER"]
[EventRounds "7"]
[EventType "team-swiss"]
[EventDate "2014.12.26"]

1. e4 c5 2. Nf3 Nc6 3. Nc3 Nf6 4. d4 e6 5. Be2 Be7 6. O-O cxd4 7. Nxd4 e5 8.
Nxc6 bxc6 9. Bg5 O-O 10. Bxf6 Bxf6 11. Qd6 Re8 12. Rad1 Re6 13. Qd3 Re7 14. Bg4
d5 15. Bxc8 Rxc8 16. exd5 Rd7 17. d6 Qb6 18. b3 Rdd8 19. Rfe1 Qb8 20. Ne4 Be7
21. Re3 f5 22. Qc4+ Kf8 23. Qe6 Rc7 24. Qxf5+ Kg8 25. Qe6+ Kh8 26. Qxe5 Rcd7
27. Rg3 Bf8 28. Re1 Bxd6 29. Nxd6 Qxd6 30. Qxd6 Rxd6 31. Rge3 Rd1 32. Rf1 Kg8
33. Re8+ Rxe8 34. Rxd1 Kf8 35. h3 Re2 36. Rd7 a5 37. Ra7 Re5 38. Ra6 Rc5 39.
Kf1 Ke8 40. Ke2 Rxc2+ 41. Kd3 Rxf2 42. Rxa5 Rxg2 43. a4 Rg3+ 44. Kc4 Rxh3 45.
Ra6 Kd7 46. a5 g5 47. Rb6 Kc7 48. Rb4 g4 49. a6 Rh2 50. a7 Ra2 51. Ra4 Rxa4+
52. bxa4 Kb7 53. Kd3 Kxa7 54. Ke4 Ka6 55. Kf4 h5 56. Kg3 Ka5 57. Kh4 c5 58.
Kxh5 g3 59. Kg4 g2 60. Kf3 g1=Q 61. Ke4 Qd4+ 62. Kf5 Kxa4 63. Kg5 Qe4 64. Kf6
Kb5 65. Kg5 Kc6 66. Kf6 Kd6 67. Kg5 Ke6 68. Kh5 Qg2 69. Kh4 Kf5 70. Kh5 Qh2#
0-1

[Event "DVM U20w 2014"]
[Site "Naumburg (Saale) GER"]
[Date "2014.12.27"]
[Round "2"]
[White "Baumann, Eva"]
[Black "Halas, Lena"]
[Result "0-1"]
[Termination "normal"]
[Board "6.1"]
[WhiteElo "1608"]
[BlackElo "1656"]
[WhiteTeam "SK Münster"]
[BlackTeam "USG Chemnitz"]
[PlyCount "106"]
[WhiteFideId "12998788"]
[BlackFideId "12931799"]
[EventCountry "GER"]
[EventRounds "7"]
[EventType "team-swiss"]
[EventDate "2014.12.26"]

1. e4 c6 2. d4 d5 3. exd5 cxd5 4. Bd3 Nc6 5. c3 Nf6 6. Bf4 g6 7. h3 Bg7 8. Nf3
O-O 9. O-O Bf5 10. Re1 Ne4 11. Bxe4 Bxe4 12. Nbd2 Bf5 13. Nf1 Rc8 14. Ng3 Bd7
15. h4 Bg4 16. Qd3 Qb6 17. Rab1 e6 18. h5 Ne7 19. h6 Bh8 20. Ne5 Bxe5 21. dxe5
Nf5 22. Nxf5 Bxf5 23. Qf3 Be4 24. Be3 Bxf3 25. Bxb6 Be4 26. Rxe4 dxe4 27. Bxa7
Ra8 28. Bc5 Rfc8 29. Ba3 Ra5 30. Rd1 Rxe5 31. Rd7 b5 32. Rd4 e3 33. fxe3 Rxe3
34. Kf2 Re5 35. Rd6 Rd5 36. Rb6 Rh5 37. b3 Rf5+ 38. Ke2 Re5+ 39. Kf2 Rf5+ 40.
Ke2 Rd8 41. Rb7 Rh5 42. Bb2 Rxh6 43. c4 bxc4 44. bxc4 Rh5 45. a3 Rc5 46. Rb4
Rdc8 47. Kd3 Rg5 48. Bd4 Rg3+ 49. Be3 Rd8+ 50. Ke2 Rxg2+ 51. Kf3 Rc2 52. c5 Rc3
53. Ra4 Rdd3 0-1

[Event "DVM U20w 2014"]
[Site "Naumburg (Saale) GER"]
[Date "2014.12.27"]
[Round "2"]
[White "Kluge, Leyla"]
[Black "van Lindt, Chiara"]
[Result "1-0"]
[Termination "normal"]
[Board "6.2"]
[WhiteElo "1625"]
[BlackElo "1507"]
[WhiteTeam "USG Chemnitz"]
[BlackTeam "SK Münster"]
[PlyCount "57"]
[WhiteFideId "12918172"]
[BlackFideId "12966762"]
[EventCountry "GER"]
[EventRounds "7"]
[EventType "team-swiss"]
[EventDate "2014.12.26"]

1. c4 c5 2. Nc3 Nc6 3. g3 Nf6 4. Bg2 Qc7 5. e3 d6 6. Nge2 Bf5 7. d3 e5 8. O-O
Be7 9. f4 Qd7 10. Nb5 O-O 11. e4 Bh3 12. f5 Bxg2 13. Kxg2 a6 14. Nbc3 Rab8 15.
h4 b5 16. cxb5 axb5 17. a4 b4 18. Nb5 Na7 19. Nxa7 Qxa7 20. Ng1 Qb7 21. g4 h6
22. g5 hxg5 23. hxg5 Ne8 24. Qh5 d5 25. Nf3 dxe4 26. Rh1 exf3+ 27. Kf2 f6 28.
Qh7+ Kf7 29. g6# 1-0

[Event "DVM U20w 2014"]
[Site "Naumburg (Saale) GER"]
[Date "2014.12.27"]
[Round "2"]
[White "Henke, Jennifer"]
[Black "Oltmanns, Bianca"]
[Result "1/2-1/2"]
[Termination "normal"]
[Board "6.3"]
[WhiteElo "1483"]
[BlackElo "1746"]
[WhiteTeam "SK Münster"]
[BlackTeam "USG Chemnitz"]
[PlyCount "81"]
[WhiteFideId "12998850"]
[BlackFideId "24698008"]
[EventCountry "GER"]
[EventRounds "7"]
[EventType "team-swiss"]
[EventDate "2014.12.26"]

1. c4 f5 2. Nc3 Nf6 3. g3 g6 4. Bg2 Bg7 5. Nf3 O-O 6. e3 d6 7. d4 Qe8 8. O-O
Qf7 9. Qb3 Nc6 10. Ng5 Qe8 11. c5+ Kh8 12. cxd6 cxd6 13. Bd2 e5 14. dxe5 dxe5
15. Rfd1 h6 16. Nf3 Qe7 17. Na4 Be6 18. Qb5 Ne4 19. Bc3 Nd6 20. Qc5 Nf7 21. Nh4
Qf6 22. Bxc6 Rac8 23. Qxa7 bxc6 24. b3 Bd5 25. Qe7 Kh7 26. Qxf6 Bxf6 27. Ng2
Ng5 28. Nb6 Rcd8 29. Rac1 Rf7 30. Bb2 Ra7 31. Na4 Rb8 32. Rc2 Rd8 33. Ne1 Rad7
34. Nc5 Ra7 35. Na4 Bg7 36. Rcd2 Bf6 37. f4 Ne4 38. Rd3 exf4 39. Bxf6 Nxf6 40.
exf4 Re8 41. Nf3 1/2-1/2